Klastre - nový trend v organizácii podnikov
Klastre ako pružné trhové zoskupenia pre podniky s čo najnižším vynaložením nákladov. Miestna koncentrácia vzájomne prepojených podnikov a inštitúcií, zlepšenie inovačnej výkonnosti, konkurencieschopnoti a hľadanie strategických odlišností.
Saved in:
| Main Author: | |
|---|---|
| Other Authors: | |
| Format: | Book Chapter |
| Language: | Slovak |
| Subjects: | |
| Tags: |
No Tags, Be the first to tag this record!
|
MARC
| LEADER | 00000naa$a2200000$$$4500 | ||
|---|---|---|---|
| 001 | 0209823 | ||
| 005 | 20240502073507.0 | ||
| 041 | 0 | |a slo | |
| 044 | |a SK | ||
| 245 | 1 | 0 | |a Klastre - nový trend v organizácii podnikov |c Elena Thomasová, Peter Jamnický |
| 520 | |a Klastre ako pružné trhové zoskupenia pre podniky s čo najnižším vynaložením nákladov. Miestna koncentrácia vzájomne prepojených podnikov a inštitúcií, zlepšenie inovačnej výkonnosti, konkurencieschopnoti a hľadanie strategických odlišností. | ||
| 610 | 2 | 0 | |a klaster |
| 610 | 2 | 0 | |a formy organizačné nadpodnikové |
| 610 | 2 | 0 | |a združenia podnikov |
| 610 | 2 | 0 | |a riadenie |
| 610 | 2 | 0 | |a inovácia |
| 610 | 2 | 0 | |a náklady |
| 610 | 2 | 0 | |a konkurencieschopnosť |
| 100 | 1 | |a Thomasová, Elena | |
| 700 | 1 | |a Jamnický, Peter | |